Statistics for Countries Blacked Out - North America

Click here to take the quiz!

General Stats

  • This quiz has been taken 99 times
  • The average score is 9 of 9

Answers on the Map

Answers color-coded by a green-red scale on the quiz's map according to % correct below.
 

Answer Stats

Answer% Correct
Cuba
99%
Bahamas
96%
Guatemala
96%
El Salvador
95%
Mexico
95%
Nicaragua
95%
United States of America
95%
Honduras
94%
Jamaica
94%

Score Distribution

Percentile by Number Answered

Percent of People with Each Score

Your Score History

You have not taken this quiz